000 00736nam a2200205 i 4500
001 173957
003 ES-MaACL
005 20230906215412.0
007 t|
008 100203s1905 sp |||| | spa d
110 2 _aReal Academia de Ciencias Exactas, Físicas y Naturales de España.
_9175635
245 1 0 _aMemorias de la Real Academia de Ciencias
_g1905.
260 _aMadrid :
_b[s.n.],
_c1905 (Oficina Tip. "Gazeta de Madrid")
300 _av. ;
_c28 cm.
505 8 _aContiene: T. XXIII ;
_tDe undulationibus electricis: lubri duo /
_rProfessore A. Garbasso (73 p.)
650 4 _aOndas electromagnéticas.
_9136618
700 1 _aGarbasso, A.
_9142097
740 0 2 _aDe undulationibus electricis:.
852 _aES-MaACL
_jK-242
999 _c173957
_d173957